Little flowers of St. Francis of Assisi: (Record no. 13672)

000 -LEADER
fixed length control field 00625nam a2200193 a 4500
001 - CONTROL NUMBER
control field :::00011495$&:&@@
003 - CONTROL NUMBER IDENTIFIER
control field OkBaRHE
005 - DATE AND TIME OF LATEST TRANSACTION
control field 20000607103409.0
008 - FIXED-LENGTH DATA ELEMENTS--GENERAL INFORMATION
fixed length control field s1953 j 000 0 eng u
040 ## - CATALOGING SOURCE
Transcribing agency
100 1# - MAIN ENTRY--PERSONAL NAME
Personal name Rhoades, James.
245 10 - TITLE STATEMENT
Title Little flowers of St. Francis of Assisi:
Remainder of title and the life of Brother Giles.
260 ## - PUBLICATION, DISTRIBUTION, ETC. (IMPRINT)
Place of publication, distribution, etc London, UK:EN., :
Name of publisher, distributor, etc Oxford University Press
Date of publication, distribution, etc c1953
300 ## - PHYSICAL DESCRIPTION
Extent 245 p. ;
Dimensions 15 cm.
650 ## - SUBJECT ADDED ENTRY--TOPICAL TERM
Topical term or geographic name as entry element Catholic Church
General subdivision Biography
650 ## - SUBJECT ADDED ENTRY--TOPICAL TERM
Topical term or geographic name as entry element Poetry
942 ## - ADDED ENTRY ELEMENTS (KOHA)
Source of classification or shelving scheme
Koha item type Books
Copies
Copy number Full call number Date last seen Lost status Withdrawn status Permanent Location Price effective from Date acquired Date checked out Source of classification or shelving scheme Barcode Koha item type Shelving location Current Location Not for loan Damaged status Total Checkouts
1BX 4700 .F63E52012-03-02  RHEMA Bible Training College2010-04-142010-04-142012-02-29 11495BooksGeneral StacksRHEMA Bible Training College  1